The great civil war of Charles I. and the Parliament (Record no. 7154)

MARC details
000 -CABECERA
campo de control de longitud fija 01101nam a2200277 a 4500
001 - NÚMERO DE CONTROL
campo de control BRCA_7479
005 - FECHA Y HORA DE LA ÚLTIMA TRANSACCIÓN
campo de control 20190320205842.0
008 - DATOS DE LONGITUD FIJA--INFORMACIÓN GENERAL
campo de control de longitud fija 250413s1845----enkac#####---#000-0#eng-#
041 ## - CÓDIGO DE LENGUA
Código de lengua del texto/banda sonora o título independiente eng
044 ## - CÓDIGO DEL PAÍS DE LA ENTIDAD EDITORA/PRODUCTORA
Código MARC del país enk
050 #4 - SIGNATURA TOPOGRÁFICA DE LA BIBLIOTECA DEL CONGRESO
Número de clasificación DA415
Número de documento/Ítem .C38 1845
100 1# - ENTRADA PRINCIPAL--NOMBRE DE PERSONA
Nombre de persona Cattermole, Richard
Fechas asociadas al nombre 1795?-1858
9 (RLIN) 18409
245 10 - MENCIÓN DE TÍTULO
Título The great civil war of Charles I. and the Parliament
Mención de responsabilidad, etc. by Richard Cattermole ; engravings from drawings by George Cattermole and portraits of Charles I. and Oliver Cromwell, after Vandyke, under the superintendence of Charles Heath.
250 ## - MENCIÓN DE EDICIÓN
Mención de edición 2
260 ## - PUBLICACIÓN, DISTRIBUCIÓN, ETC.
Lugar de publicación, distribución, etc. Londres
Nombre del editor, distribuidor, etc. Longman, Brown, Green and Longmans
Fecha de publicación, distribución, etc. 1845
300 ## - DESCRIPCIÓN FÍSICA
Extensión 2 v.
Otras características físicas il., 28 láminas, retratos
Dimensiones 23 cm.
500 ## - NOTA GENERAL
Nota general Dos ejemplares inventariados por el Banco de México como un solo libro
500 ## - NOTA GENERAL
Nota general Edición de cantos dorados
500 ## - NOTA GENERAL
Nota general R1
505 0# - NOTA DE CONTENIDO CON FORMATO
Nota de contenido con formato v.1 The Raising of the Standard.-- v.2 Being Heath´s picturesque annual for 1845.
650 14 - PUNTO DE ACCESO ADICIONAL DE MATERIA--TÉRMINO DE MATERIA
Término de materia o nombre geográfico como elemento de entrada Retratos
9 (RLIN) 18410
650 14 - PUNTO DE ACCESO ADICIONAL DE MATERIA--TÉRMINO DE MATERIA
Término de materia o nombre geográfico como elemento de entrada Grabados
9 (RLIN) 5058
651 #4 - PUNTO DE ACCESO ADICIONAL DE MATERIA--NOMBRE GEOGRÁFICO
Nombre geográfico Gran Bretaña
Subdivisión general Historia
Subdivisión cronológica Guerra civil, 1642-1649
9 (RLIN) 18411
902 ## - CATALOGADOR
Iniciales GFM
942 ## - ELEMENTOS DE PUNTO DE ACCESO ADICIONAL (KOHA)
Fuente del sistema de clasificación o colocación Library of Congress Classification
Tipo de ítem Koha Libros
Holdings
Estado de retiro Estado de pérdida Estado dañado No para préstamo Localización permanente Ubicación/localización actual Fecha de adquisición Número de inventario Total de préstamos Signatura topográfica completa Código de barras Fecha visto por última vez Precio válido a partir de Tipo de ítem Koha
El ejemplar forma parte de la colección y puede ser consultado según las políticas vigentes.       Biblioteca del Museo Franz Mayer (Rogerio Casas-Alatriste) Biblioteca del Museo Franz Mayer (Rogerio Casas-Alatriste) 25/04/2013 R1   DA415 .C38 1845 (R1) 8083 22/03/2019 22/03/2019 Libros